| 000 | 00729nam a2200193 i 4500 | ||
|---|---|---|---|
| 001 | 81520 | ||
| 003 | ES-MaACL | ||
| 005 | 20251009063053.0 | ||
| 007 | t| | ||
| 008 | 041104s1935 sp ||||1| cat d | ||
| 100 | 1 |
_aHurtado, Amadeu, _d1875-1950 _964777 |
|
| 245 | 1 | 3 |
_aEl pensamiento juridic catalá _b: discurs pronuntiat en la sessió inaugural del curs de 1935-1936 / _cAmadeo Hurtado y Miró. |
| 260 |
_aBarcelona : _b[s.n.], _c1935 ( _fG. Casacuberta) |
||
| 300 |
_a99 p. ; _c21 cm. |
||
| 500 | _aPrecede al tít.: Academia de Jurisprudencia y Legislació de Catalunya. | ||
| 710 | 2 |
_aAcadèmia de Jurisprudència i Legislació de Catalunya. _9163698 |
|
| 852 |
_aES-MaACL _j1803-F-19 |
||
| 999 |
_c81520 _d81520 |
||